000
00255nam a2200109Ia 4500
008
220204s9999 xx 000 0 und d
082
_a
054.024
_b
NON
100
_a
D C
245
0
_a
Radicals
260
_a
Cambridge
_b
Cambridge University
_c
1979
942
_c
BK
999
_c
33245
_d
33245